banner koha

Poesias completas de Cruz e Sousa: (Registro n. 8483)

MARC details
000 -LÍDER
campo de controle de tamanho fixo 01325nam a2200253 a 4500
001 - NÚMERO DE CONTROLE
campo de controle BS0003421
003 - IDENTIFICADOR DO NÚMERO DE CONTROLE
campo de controle BR-BrBNA
005 - DATA E HORÁRIO DA ÚLTIMA TRANSAÇÃO
campo de controle 20231010142537.0
008 - CAMPO DE DADOS FIXOS--INFORMAÇÃO GERAL
campo de controle de tamanho fixo 230308b |||||||| |||| 00| 0 por d
040 ## - FONTE DA CATALOGAÇÃO
Instituição da catalogação original BR-BrBNA
Idioma da catalogação por
Instituição que transcreveu o registro Biblioteca Nacional de Agricultura
041 ## - CÓDIGO DE IDIOMA
Código do idioma do texto/trilha sonora ou título diferente por
072 ## - CÓDIGO DE CATEGORIA DE ASSUNTO
Código de Categoria de Assunto LITERATURA BRASILEIRA
090 ## - NÚMERO DE CHAMADA LOCAL
Número de chamada S86
Chave BR BS0003421
100 1# - ENTRADA PRINCIPAL--NOME PESSOAL
Nome pessoal Sousa, João da Cruz e
245 1# - TÍTULO
Título Poesias completas de Cruz e Sousa:
Restante do título broquéis, faróis, últimos sonetos /
250 1# - EDIÇÃO
Edição 8. ed.
260 3# - PUBLICAÇÃO, DISTRIBUIÇÃO, ETC.
Local de publicação, distribuição, etc. Rio de janeiro, RJ:
Nome do editor, distribuidor, etc. Ediouro,
Data da publicação, distribuição, etc. 1998.
300 ## - DESCRIÇÃO FÍSICA
Extensão 118 p.
500 ## - NOTA GERAL
Nota geral Edição rigorosamente revista , com introduçao de Tasso da Silveira..<br/>
520 3# - NOTA DE RESUMO, ETC
Resumo, etc. Broquéis, Faróis e Últimos Sonetos constituem o precioso legado que João da Cruz e Sousa, o infeliz poeta negro, deixou às letras em pleno apogeu do Simbolismo. São poesias em que sob colorida diafaneidade brilham riquíssimos tesouros. No dizer de Antônio Soares Amora, "a arte simbolista impôs finalmente uma nova concepção do mundo objetivo, o mundo das coisas e dos seres, que então perdem o sentido que o Realismo fez supor terem por si mesmos, e adquirem o sentido, ou melhor, o significado que lhes dá o espírito ou a alma de cada indivíduo.
650 ## - ASSUNTO--TERMO TÓPICO
Cabeçalho tópico ou nome geográfico LITERATURA BRASILEIRA
650 ## - ASSUNTO--TERMO TÓPICO
Cabeçalho tópico ou nome geográfico POESIA BRASILEIRA
942 ## - ELEMENTOS DE ENTRADA ADICIONADOS (KOHA)
Tipo de material Koha Livros
Fonte da classificação ou esquema de arquivamento na estante Classificação AGRIS
Exemplares
Situação do descarte Fonte da classificação ou esquema de arquivamento na estante Situação física Não pode ser emprestado Coleção Biblioteca de origem Biblioteca atual Total de empréstimos Número de telefone completo Código de barras Data de último acesso Número do exemplar Tipo de material Koha Situação das perdas Data de aquisição Fonte de aquisição Qualificador de local codificado Custo, preço normal de compra Número do inventário Custo, preço de reposição Preço efetivo de
  Classificação AGRIS     Acervo Cultural Biblioteca Nacional de Agricultura - Binagri Biblioteca Nacional de Agricultura - Binagri   S86 BS0003421 2023-436494 12/04/2023 01 Livros   2023-04-04 Doação S86        

BINAGRI

Telefone: (61)3218-2567/2388/3357/2097 - binagri@agro.gov.br

Ministério da Agricultura e Pecuária , Esplanada dos Ministérios, Bloco D, Anexo B, Brasília/DF, CEP: 70.043-900